00817nam a2200229 i 4500001000400000100002300004245007000027250001200097260005000109300007400159505002200233650004900255650002300304651002800327655002900355700003300384020001500417040000800432041000800440008004100448856009800489bgj1 aORNSTEIN, Allan C.10aFoundations of education /cAllan C. Ornstein ; Daniel U. Levine. a4th ed. aBoston :bHoughton Mifflin Company,cc. 1989. aXX, 621, G-5, I-20 pp, [8] p. of plates :bill. (some col.) ;c24 cm. aIncludes indexes. 9aEducationxStudy and teachingzUnited States 9aEducationxHistory 9aUnited StatesxTeaching aHandbooks, manuals, etc.1 aLEVINE, Daniel U.eco-author a0395432286 cBPK0 aeng s uk f |000 0 eng  uhttp://koha.tu.koszalin.pl/cgi-bin/koha/opac-detail.pl?biblionumber=47715yKatalog online BPK